000 00471nam a2200193Ia 4500
005 20240823053516.0
008 240823s9999||||xx |||||||||||||| ||und||
020 _a0-313-32122-1
041 _aENGLISH
082 _A576.8 P5
100 _a"Scott,Eugenie C"
245 0 _aEvolutions Vs. Creations : An Introduction
250 _a1st
260 _c2005
_b"Rain Tree,Ch"
_aChennai
500 _aYES
650 _aCreations
_bGeneral
942 _cBK
999 _c224319
_d224319